000
00307 a2200109 4500
001
ART_6226
005
20260410161825.0
008
260409a
245
1
0
_a
Introducción a la matemática borrosa
100
1
_a
Mallo, Paulino E.
773
0
_t
FACES
_g
- Año 4, Nº 5 (may. 1998)
_w
REV5046
999
_c
22723
_d
22723